Countries With Largest Paramilitary - Statistics

General Stats
  • This quiz has been taken 25 times
  • The average score is 15 of 20
Answer Stats
Rank Country Amount % Correct
4 India 2,526,000
100%
7 China 660,000
95%
11 Pakistan 282,000
95%
8 Russia 554,000
95%
1 North Korea 5,889,000
91%
12 Indonesia 280,000
86%
6 Iran 1,050,000
86%
20 Iraq 145,000
86%
10 Brazil 395,000
82%
15 Colombia 187,000
82%
9 Egypt 397,000
82%
2 Vietnam 5,040,000
82%
18 Turkey 156,000
77%
3 South Korea 3,009,000
73%
14 Venezuela 220,000
59%
19 Afghanistan 148,000
50%
16 Algeria 187,000
50%
5 Cuba 1,146,000
45%
13 Malaysia 267,000
45%
17 Italy 175,000
27%
No matching quizzes found
Score Distribution
Percent of People with Each Score
Percentile by Number Answered
Your Score History
You have not taken this quiz